[Event "King's Gambit Summer Tourney"]
[Site "SchemingMind.com"]
[Date "2021.06.15"]
[Round "-"]
[White "pnwmusichound"]
[Black "kenneth m day"]
[Result "1/2-1/2"]
[WhiteCountry "USA"]
[BlackCountry "USA"]
[WhiteElo "1790"]
[WhiteRD "96"]
[BlackElo "1690"]
[BlackRD "51"]
[GameID "712460"]

1. e4 e5 2. f4 exf4 3. Nf3 g5 4. d4 d6 5. Nc3 Nc6 6. g3 Bg4 7. d5 Bxf3 8. Qxf3 Ne5 9. Qe2 Qd7 10. gxf4 gxf4
11. Bxf4 O-O-O 12. h4 Kb8 13. O-O-O Bg7 14. h5 Ne7 15. h6 Bf6 16. Be3 c6 17. Qf2 Ng4 18. Bxa7+ Ka8 19. Qb6 Nc8 20. dxc6 Nxb6
21. cxd7 Kxa7 22. Rxd6 Bxc3 23. bxc3 Rxd7 24. Rxd7 Nxd7 25. Bh3 Nde5 26. Bxg4 Nxg4 27. Kd2 Nf2 28. Re1 Re8 29. Rf1 Nxe4+ 30. Kd3 Ng5
31. Rf5 Rg8 32. Ke3 Rg6 33. Kf4 Ne6+ 34. Ke5 Rxh6 35. Rxf7 Nc5 36. c4 Kb6 37. Kd5 Rh5+ 38. Kd4 Na6 39. c3 Rh4+ 40. Kd5 Rh5+
41. Kd4 Rh4+ 42. Kd5 Rh5+=
1/2-1/2

[Event "King's Gambit Summer Tourney"]
[Site "SchemingMind.com"]
[Date "2021.06.15"]
[Round "-"]
[White "kenneth m day"]
[Black "pnwmusichound"]
[Result "0-1"]
[WhiteCountry "USA"]
[BlackCountry "USA"]
[WhiteElo "1690"]
[WhiteRD "51"]
[BlackElo "1790"]
[BlackRD "96"]
[GameID "712461"]

1. e4 e5 2. f4 exf4 3. Nf3 Be7 4. Bc4 Bh4+ 5. Kf1 d5 6. Bxd5 Nf6 7. Nc3 Nxd5 8. exd5 Bg4 9. d4 Qd6 10. Qe2+ Be7
11. Qe4 O-O 12. Bxf4 Qd7 13. Re1 Re8 14. Ne5 Qf5 15. Qxf5 Bxf5 16. Re2 c5 17. g4 Bd7 18. h4 cxd4 19. Nxd7 dxc3 20. Nxb8 cxb2
21. Kf2 Bxh4+ 22. Kf3 Rxe2 23. Kxe2 Bf6 24. Nd7 Bc3 25. Nc5 Re8+ 26. Be3 Bd4 27. Nd3 Rxe3+ 28. Kd2 Rg3 29. Nxb2 Bxb2 30. Rb1 Bc3+
31. Ke2 b6 32. Rd1 Rxg4 33. Rd3 Bf6 34. d6 Rd4 35. Rxd4 Bxd4 36. Kd3 Bf6 37. Ke4 Kf8 38. Kd5 Ke8 39. Kc6 Kd8
0-1

[Event "King's Gambit Summer Tourney"]
[Site "SchemingMind.com"]
[Date "2021.06.15"]
[Round "-"]
[White "pnwmusichound"]
[Black "ray winteringham"]
[Result "1-0"]
[WhiteCountry "USA"]
[BlackCountry "ENG"]
[WhiteElo "1800"]
[WhiteRD "105"]
[BlackElo "1511"]
[BlackRD "50"]
[GameID "712488"]

1. e4 e5 2. f4 c6 3. Nf3 d6 4. Bc4 Bg4 5. fxe5 dxe5 6. d4 exd4 7. Bxf7+ Ke7 8. Bb3 c5 9. Bg5+ Nf6 10. e5 Nd7
11. exf6+ gxf6 12. Bh4 Bg7 13. O-O h5 14. Qe1+ Kd6 15. Nbd2 Kc7 16. Bg3+ Ne5 17. Nxe5 fxe5 18. Rf7+ Kb8 19. Rxg7 Re8 20. Qe4 Bd7
21. Bd5 Qb6 22. Rxd7 Qxb2 23. Rxb7+
1-0

[Event "King's Gambit Summer Tourney"]
[Site "SchemingMind.com"]
[Date "2021.06.15"]
[Round "-"]
[White "ray winteringham"]
[Black "pnwmusichound"]
[Result "0-1"]
[WhiteCountry "ENG"]
[BlackCountry "USA"]
[WhiteElo "1511"]
[WhiteRD "50"]
[BlackElo "1800"]
[BlackRD "105"]
[GameID "712489"]

1. e4 e5 2. f4 exf4 3. d4 d5 4. e5 Qh4+ 5. Kd2 Bg4 6. Be2 Bxe2 7. Qxe2 Nc6 8. Nf3 Qe7 9. c3 O-O-O 10. Kc2 f6
11. Bxf4 g5 12. Bg3 Bg7 13. Nbd2 h5 14. Rhe1 h4 15. Bf2 a6 16. exf6 Qxf6 17. Rad1 Nge7 18. Kb1 Ng6 19. Qe6+ Qxe6 20. Rxe6 Nf4
21. Nxg5 Nxe6 22. Nxe6 Rd7 23. Rf1 Re7 24. Ng5 Na5 25. b4 Nc4 26. Nxc4 dxc4 27. Nf3 h3 28. g3 Re2 29. Re1 Rxf2 30. Re7 Rxf3
31. Rxg7 Rf2
0-1

[Event "King's Gambit Summer Tourney"]
[Site "SchemingMind.com"]
[Date "2021.06.15"]
[Round "-"]
[White "kenneth m day"]
[Black "ray winteringham"]
[Result "1-0"]
[WhiteCountry "USA"]
[BlackCountry "ENG"]
[WhiteElo "1640"]
[WhiteRD "53"]
[BlackElo "1452"]
[BlackRD "51"]
[GameID "712490"]

1. e4 e5 2. f4 Nf6 3. Nc3 Bb4 4. d3 Bxc3+ 5. bxc3 Nc6 6. Nf3 d6 7. Be2 exf4 8. Bxf4 Bd7 9. Rb1 b6 10. O-O Qe7
11. Re1 O-O-O 12. Bf1 Be6 13. d4 d5 14. Ba6+ Kd7 15. exd5 Nxd5 16. Bd2 Qd6 17. c4 Nf4 18. d5 Nxd5 19. cxd5 Bxd5 20. Bg5 f6
21. Bh4 Nb4 22. Rxb4 Qxb4 23. Qxd5+ Qd6 24. Bb5+ Kc8 25. Qa8#
1-0

[Event "King's Gambit Summer Tourney"]
[Site "SchemingMind.com"]
[Date "2021.06.15"]
[Round "-"]
[White "ray winteringham"]
[Black "kenneth m day"]
[Result "1-0"]
[WhiteCountry "ENG"]
[BlackCountry "USA"]
[WhiteElo "1452"]
[WhiteRD "51"]
[BlackElo "1640"]
[BlackRD "53"]
[GameID "712491"]

1. e4 e5 2. f4 exf4 3. Nf3 g5 4. h4 g4 5. Ng5 Nf6 6. Bc4 d5 7. exd5 Nxd5 8. d3 Qd6 9. Qe2+ Be7 10. Nc3 Be6
11. O-O h6 12. Bxd5 Bxd5 13. Bxf4 Qc5+ 14. Be3 Qd6 15. Nxd5 hxg5 16. Bxg5 Nc6 17. Nf6+ Kf8 18. Qxg4 Rd8 19. Ne4 Qd4+ 20. Kh1 Qxb2
21. Qf3 Rh7 22. Bh6+ Ke8 23. Rae1 Qxa2 24. Nf6#
1-0

[Event "King's Gambit Summer Tourney"]
[Site "SchemingMind.com"]
[Date "2021.07.05"]
[Round "-"]
[White "pnwmusichound"]
[Black "Robert Bruce"]
[Result "0-1"]
[WhiteCountry "USA"]
[BlackCountry "SCO"]
[WhiteElo "1800"]
[WhiteRD "99"]
[BlackElo "2473"]
[BlackRD "65"]
[GameID "712907"]

1. e4 e5 2. f4 exf4 3. Nf3 Ne7 4. d4 d5 5. Nc3 dxe4 6. Nxe4 Nd5 7. Bc4 Be7 8. O-O O-O 9. c3 c6 10. Ne5 Be6
11. Bb3 Nd7 12. Bxf4 Nxe5 13. Bxe5 Ne3 14. Qf3 Nxf1 15. Rxf1 Bxb3 16. axb3 f6 17. Bg3 Qd5 18. b4 a5 19. bxa5 Rxa5 20. b4 Ra3
21. b5 f5 22. Nf6+ Bxf6 23. Qxd5+ cxd5 24. Bd6 Rxc3 25. Bxf8 Bxd4+ 26. Kh1 Kxf8 27. g3 g6 28. g4 Be3 29. gxf5 g5 30. Kg2 Rc1
31. Rxc1 Bxc1 32. Kf2 Kg7 33. Ke2 g4
0-1

[Event "King's Gambit Summer Tourney"]
[Site "SchemingMind.com"]
[Date "2021.07.05"]
[Round "-"]
[White "Robert Bruce"]
[Black "pnwmusichound"]
[Result "1-0"]
[WhiteCountry "SCO"]
[BlackCountry "USA"]
[WhiteElo "2500"]
[WhiteRD "66"]
[BlackElo "1790"]
[BlackRD "96"]
[GameID "712908"]

1. e4 e5 2. f4 exf4 3. Nf3 Be7 4. d4 Bh4+ 5. g3 fxg3 6. hxg3 Bxg3+ 7. Kd2 Bf4+ 8. Kc3 Bxc1 9. Qxc1 Nf6 10. b3 Nxe4+
11. Kb2 Qf6 12. Qe3 d5 13. Nc3 Be6 14. Nxe4 dxe4 15. Qxe4 c6 16. Bc4 Na6 17. Bxa6 bxa6 18. Qxc6+ Ke7 19. Qb7+ Kd6 20. c4 Rhb8
21. c5#
1-0

[Event "King's Gambit Summer Tourney"]
[Site "SchemingMind.com"]
[Date "2021.06.30"]
[Round "-"]
[White "kenneth m day"]
[Black "Robert Bruce"]
[Result "0-1"]
[WhiteCountry "USA"]
[BlackCountry "SCO"]
[WhiteElo "1690"]
[WhiteRD "51"]
[BlackElo "2500"]
[BlackRD "66"]
[GameID "712909"]

1. e4 e5 2. f4 Bc5 3. Nf3 d6 4. Nc3 Nf6 5. Bc4 Nc6 6. d3 Bg4 7. Rf1 O-O 8. Ne2 d5 9. exd5 Nxd5 10. fxe5 Bxf3
11. Rxf3 Nxe5 12. Bxd5 Qxd5 13. Rg3 Ng6 14. Bd2 f5 15. b4 f4 16. Rf3 Nh4 17. bxc5 Nxf3+ 18. gxf3 Qxf3 19. Bxf4 Rae8 20. Kd2 b6
21. Qf1 Rxe2+ 22. Qxe2 Qxf4+ 23. Kc3 bxc5 24. Re1 Qb4#
0-1

[Event "King's Gambit Summer Tourney"]
[Site "SchemingMind.com"]
[Date "2021.06.30"]
[Round "-"]
[White "Robert Bruce"]
[Black "kenneth m day"]
[Result "1-0"]
[WhiteCountry "SCO"]
[BlackCountry "USA"]
[WhiteElo "2473"]
[WhiteRD "70"]
[BlackElo "1658"]
[BlackRD "54"]
[GameID "712910"]

1. e4 e5 2. f4 exf4 3. Nf3 g5 4. Nc3 Nc6 5. g3 g4 6. Nh4 f3 7. d4 Bg7 8. Be3 d6 9. Qd2 Nge7 10. O-O-O Bd7
11. h3 h5 12. Re1 a5 13. Bg5 Nxd4 14. Nd5 Ndc6 15. Nf5 O-O 16. Bxe7 Nxe7 17. Ndxe7+ Kh7 18. hxg4 Bxf5 19. Rxh5+
1-0

[Event "King's Gambit Summer Tourney"]
[Site "SchemingMind.com"]
[Date "2021.07.01"]
[Round "-"]
[White "ray winteringham"]
[Black "Robert Bruce"]
[Result "0-1"]
[WhiteCountry "ENG"]
[BlackCountry "SCO"]
[WhiteElo "1511"]
[WhiteRD "50"]
[BlackElo "2473"]
[BlackRD "70"]
[GameID "712911"]

1. e4 e5 2. f4 exf4 3. d4 Qh4+ 4. Ke2 Qe7 5. Nc3 Nf6 6. Qd3 d5 7. e5 Nc6 8. Kd1 Nb4 9. Qf3 Bg4 10. Bxf4 Bxf3+
11. Nxf3 Ng4 12. Kd2 Qe6 13. Be2 Qf5 14. g3 Qxc2+ 15. Ke1 Qxb2
0-1

[Event "King's Gambit Summer Tourney"]
[Site "SchemingMind.com"]
[Date "2021.06.30"]
[Round "-"]
[White "Robert Bruce"]
[Black "ray winteringham"]
[Result "1-0"]
[WhiteCountry "SCO"]
[BlackCountry "ENG"]
[WhiteElo "2473"]
[WhiteRD "70"]
[BlackElo "1511"]
[BlackRD "50"]
[GameID "712912"]

1. e4 e5 2. f4 exf4 3. Nf3 g5 4. Nc3 Bg7 5. g3 a6 6. d4 d6 7. h3 Nc6 8. gxf4 gxf4 9. Rg1 Bh6 10. Bd2 Bd7
11. Qe2 Nce7 12. O-O-O c6 13. Qe1 Qc7 14. d5 O-O-O 15. Na4 Qb8 16. Nb6+
1-0

[Event "King's Gambit Summer Tourney"]
[Site "SchemingMind.com"]
[Date "2021.07.05"]
[Round "-"]
[White "pnwmusichound"]
[Black "William Lindberg"]
[Result "0-1"]
[WhiteCountry "USA"]
[BlackCountry "USA"]
[WhiteElo "1790"]
[WhiteRD "96"]
[BlackElo "2429"]
[BlackRD "65"]
[GameID "712914"]

1. e4 e5 2. f4 exf4 3. Nf3 g5 4. Nc3 d6 5. d4 g4 6. Bc4 gxf3 7. Qxf3 Qh4+ 8. g3 Qg4 9. Qf2 Be6 10. Bxe6 fxe6
11. Bxf4 Nd7 12. O-O O-O-O 13. a4 Ngf6 14. d5 e5 15. Qxa7 Nh5 16. Be3 Nxg3 17. hxg3 Qxg3+ 18. Kh1 Rg8
0-1

[Event "King's Gambit Summer Tourney"]
[Site "SchemingMind.com"]
[Date "2021.07.05"]
[Round "-"]
[White "William Lindberg"]
[Black "pnwmusichound"]
[Result "1-0"]
[WhiteCountry "USA"]
[BlackCountry "USA"]
[WhiteElo "2429"]
[WhiteRD "65"]
[BlackElo "1790"]
[BlackRD "96"]
[GameID "712915"]

1. e4 e5 2. f4 exf4 3. Nf3 Be7 4. Nc3 Bh4+ 5. Ke2 d6 6. d4 Bg4 7. Bxf4 Nc6 8. Kd2 Nxd4 9. Bc4 Qf6 10. Nd5 Nxf3+
11. gxf3 Qd4+ 12. Bd3 O-O-O 13. fxg4 c6 14. g5 cxd5 15. Qg4+ Kb8 16. Qxh4 dxe4 17. Be3 Qxb2 18. Rab1 Qe5 19. Rb5 d5 20. Bf4
1-0

[Event "King's Gambit Summer Tourney"]
[Site "SchemingMind.com"]
[Date "2021.06.30"]
[Round "-"]
[White "kenneth m day"]
[Black "William Lindberg"]
[Result "0-1"]
[WhiteCountry "USA"]
[BlackCountry "USA"]
[WhiteElo "1658"]
[WhiteRD "54"]
[BlackElo "2432"]
[BlackRD "67"]
[GameID "712916"]

1. e4 e5 2. f4 d5 3. exd5 exf4 4. Nf3 Nf6 5. d4 Nxd5 6. Bc4 Be6 7. O-O Ne3 8. Bxe3 Bxc4 9. Bxf4 Bxf1 10. Qxf1 Bd6
11. Be3 O-O 12. Nc3 Nc6 13. Rd1 h6 14. Rd2 Qd7 15. Qf2 Rae8 16. Re2 a6 17. a3 f5 18. Nd5 Bxh2+ 19. Kxh2 Qxd5 20. Kg1 f4
21. Bd2 Rxe2 22. Qxe2 Nxd4 23. Nxd4 Qxd4+ 24. Kh1 Qxb2 25. Qc4+ Rf7 26. Bxf4 b5 27. Qe4 Qxa3 28. Qa8+ Qf8
0-1

[Event "King's Gambit Summer Tourney"]
[Site "SchemingMind.com"]
[Date "2021.06.30"]
[Round "-"]
[White "William Lindberg"]
[Black "kenneth m day"]
[Result "1-0"]
[WhiteCountry "USA"]
[BlackCountry "USA"]
[WhiteElo "2432"]
[WhiteRD "67"]
[BlackElo "1658"]
[BlackRD "54"]
[GameID "712917"]

1. e4 e5 2. f4 exf4 3. Nc3 Nc6 4. Nf3 g5 5. h3 Bg7 6. d4 d6 7. g3 h6 8. gxf4 gxf4 9. Rg1 Kf8 10. Bxf4 Nge7
11. Qd2 Bd7 12. O-O-O a6 13. Be3 b5 14. Qf2 Ng6 15. h4 Nge7 16. Bd3 Nb4 17. Be2 Rg8 18. a3 Nbc6 19. d5 Ne5 20. Nxe5 dxe5
21. Bh5 Be8 22. Bc5 Qd7 23. d6 cxd6 24. Rxd6 Qc7 25. Nd5 Nxd5 26. Rd8+ Ne7 27. Qxf7#
1-0

[Event "King's Gambit Summer Tourney"]
[Site "SchemingMind.com"]
[Date "2021.06.30"]
[Round "-"]
[White "William Lindberg"]
[Black "ray winteringham"]
[Result "1-0"]
[WhiteCountry "USA"]
[BlackCountry "ENG"]
[WhiteElo "2432"]
[WhiteRD "67"]
[BlackElo "1511"]
[BlackRD "50"]
[GameID "712919"]

1. e4 e5 2. f4 exf4 3. Nf3 g5 4. h4 Be7 5. hxg5 Bxg5 6. d4 d6 7. Qd3 Bg4 8. Qb5+ Nd7 9. Nxg5 Rb8 10. Bxf4 c6
11. Qb4 Qe7 12. Nc3 h6 13. Nf3 Ngf6 14. Bxd6 Qd8 15. O-O-O Qb6 16. Qa3 Rc8 17. Bc5 Qc7 18. Bd6 Qd8 19. d5 Bxf3 20. gxf3 Qb6
21. Kb1 cxd5 22. exd5 Rxc3 23. Re1+ Kd8 24. Be7+ Kc8 25. Qxc3+
1-0

[Event "King's Gambit Summer Tourney"]
[Site "SchemingMind.com"]
[Date "2021.06.30"]
[Round "-"]
[White "Robert Bruce"]
[Black "William Lindberg"]
[Result "0-1"]
[WhiteCountry "SCO"]
[BlackCountry "USA"]
[WhiteElo "2473"]
[WhiteRD "70"]
[BlackElo "2432"]
[BlackRD "67"]
[GameID "712920"]

1. e4 e5 2. f4 exf4 3. Nf3 Nf6 4. e5 Nh5 5. Be2 g6 6. O-O d6 7. d4 Nc6 8. Nc3 Bg7 9. exd6 cxd6 10. d5 Ne5
11. Nd2 Bf5 12. Bxh5 gxh5 13. h3 O-O 14. Rxf4 Bxh3 15. Qxh5 Bd7 16. Nf3 Qb6+ 17. Kh1 Ng6 18. Ne4 Nxf4 19. Bxf4 f5 20. Nxd6 Rf6
21. Qh2 Qc5 22. Nh4 Qxd5 23. Qg3 Raf8 24. Rf1 Bc6 25. c4 Qe6 26. Re1 Qd7 27. c5 Re6 28. Qb3 Rf6 29. Be5 Rh6 30. Kg1 Ba4
31. g3 Bxb3 32. Nhxf5 Rxd6 33. Nxd6 Qg4 34. Nf5 Qxf5 35. Bxg7 Qxc5+ 36. Kf1 Rh1+ 37. Ke2 Rh2+ 38. Kf3 Rf2+ 39. Kg4 Qf5+ 40. Kh4 Rh2#
0-1

[Event "King's Gambit Summer Tourney"]
[Site "SchemingMind.com"]
[Date "2021.06.30"]
[Round "-"]
[White "William Lindberg"]
[Black "Robert Bruce"]
[Result "0-1"]
[WhiteCountry "USA"]
[BlackCountry "SCO"]
[WhiteElo "2432"]
[WhiteRD "67"]
[BlackElo "2473"]
[BlackRD "70"]
[GameID "712921"]

1. e4 e5 2. f4 exf4 3. Nf3 Be7 4. Be2 d5 5. exd5 Bh4+ 6. Kf1 Bf6 7. d4 Ne7 8. Nc3 O-O 9. Bxf4 Nd7 10. Kf2 Nb6
11. Be5 Bxe5 12. Re1 Bf4 13. g3 Bh6 14. Ne5 f6 15. Nd3 f5 16. Kg1 Nexd5 17. Nxd5 Nxd5 18. Ne5 f4 19. Bc4 f3 20. Kf2 Be6
21. a4 Qg5 22. Ra3 Qh5 23. h4 Rae8 24. Nxf3 Kh8 25. Bxd5 Bxd5 26. Rxe8 Qxe8 27. Qe2 Qf7 28. Rc3 Qd7 29. Ra3 Qf7 30. Rc3 c6
31. Rd3 a5 32. Kg2 b5 33. b3 b4 34. Kf2 Qh5 35. Kg2 Qf5 36. Qf1 Qg4 37. Qe2 Bf4 38. Qf2 h5 39. Qe1 Bc7 40. Qf2 g5
41. hxg5 h4
0-1

[Event "King's Gambit Summer Tourney"]
[Site "SchemingMind.com"]
[Date "2021.07.05"]
[Round "-"]
[White "pnwmusichound"]
[Black "Matthew Bailey"]
[Result "0-1"]
[WhiteCountry "USA"]
[BlackCountry "ENG"]
[WhiteElo "1800"]
[WhiteRD "105"]
[BlackElo "2578"]
[BlackRD "68"]
[GameID "712924"]

1. e4 e5 2. f4 exf4 3. Nf3 Nf6 4. Nc3 d5 5. e5 Nh5 6. d4 Nc6 7. Be2 g5 8. Nxg5 Qxg5 9. Bxh5 Qh4+ 10. g3 fxg3
11. Bxf7+ Kxf7 12. Qf3+ Ke8 13. hxg3 Nxd4 14. Qg2 Nxc2+ 15. Kd1 Qd4+ 16. Bd2 Ne3+
0-1

[Event "King's Gambit Summer Tourney"]
[Site "SchemingMind.com"]
[Date "2021.07.05"]
[Round "-"]
[White "Matthew Bailey"]
[Black "pnwmusichound"]
[Result "1-0"]
[WhiteCountry "ENG"]
[BlackCountry "USA"]
[WhiteElo "2583"]
[WhiteRD "68"]
[BlackElo "1790"]
[BlackRD "96"]
[GameID "712925"]

1. e4 e5 2. f4 exf4 3. Nf3 Be7 4. Bc4 Bh4+ 5. Kf1 d6 6. Nc3 Bg4 7. d4 Nc6 8. Bxf4 Bxf3 9. gxf3 Qd7 10. Kg2 O-O-O
11. d5 Ne5 12. Qd4 Kb8 13. Bb5 c6 14. Be3 b6 15. dxc6 Nxc6 16. Qa4 Nge7 17. Rhd1 g5 18. Nd5 g4 19. Nxe7 gxf3+ 20. Kh1 Qh3
21. Nxc6+ Kc8 22. Qa6+ Kd7 23. Nxd8+ Kxd8 24. Rxd6+ Ke7 25. Qb7+ Kxd6 26. Bf4+ Kc5 27. Qd5+ Kb4 28. Bd2#
1-0

[Event "King's Gambit Summer Tourney"]
[Site "SchemingMind.com"]
[Date "2021.06.30"]
[Round "-"]
[White "kenneth m day"]
[Black "Matthew Bailey"]
[Result "0-1"]
[WhiteCountry "USA"]
[BlackCountry "ENG"]
[WhiteElo "1658"]
[WhiteRD "54"]
[BlackElo "2578"]
[BlackRD "68"]
[GameID "712926"]

1. e4 e5 2. f4 d5 3. exd5 c6 4. Nc3 exf4 5. Nf3 Be7 6. Bc4 Nf6 7. O-O cxd5 8. Bb5+ Nc6 9. d4 Qc7 10. Ne5 O-O
11. Bxf4 Bd6 12. Qd2 Nxd4 13. Qxd4 Bc5
0-1

[Event "King's Gambit Summer Tourney"]
[Site "SchemingMind.com"]
[Date "2021.06.30"]
[Round "-"]
[White "Matthew Bailey"]
[Black "kenneth m day"]
[Result "1-0"]
[WhiteCountry "ENG"]
[BlackCountry "USA"]
[WhiteElo "2578"]
[WhiteRD "68"]
[BlackElo "1658"]
[BlackRD "54"]
[GameID "712927"]

1. e4 e5 2. f4 exf4 3. Nf3 g5 4. Bc4 Nc6 5. d4 Bg7 6. h4 h6 7. Nc3 d6 8. Qd3 Bg4 9. Bb5 Bd7 10. Bxc6 Bxc6
11. Bd2 Qd7 12. d5 Ba4 13. O-O-O a6 14. Nxa4 Qxa4 15. Bc3 f6 16. Nd4 Kf7 17. Qh3 Re8 18. Ne6 Qxe4 19. Rhe1 Qa4 20. b3 Qxa2
21. Nxg7 Rxe1 22. Rxe1 Kxg7 23. Qd7+ Kg6 24. h5+ Kxh5 25. Qf5
1-0

[Event "King's Gambit Summer Tourney"]
[Site "SchemingMind.com"]
[Date "2021.07.01"]
[Round "-"]
[White "Robert Bruce"]
[Black "Matthew Bailey"]
[Result "1/2-1/2"]
[WhiteCountry "SCO"]
[BlackCountry "ENG"]
[WhiteElo "2473"]
[WhiteRD "70"]
[BlackElo "2578"]
[BlackRD "68"]
[GameID "712930"]

1. e4 e5 2. f4 d5 3. exd5 c6 4. Nc3 exf4 5. Nf3 Be7 6. Bc4 Nf6 7. dxc6 Nxc6 8. d4 O-O 9. Bxf4 Bg4 10. Be3 Bxf3
11. gxf3 Qb6 12. O-O Rad8 13. Ne2 Qxb2 14. Rb1 Qa3 15. c3 Na5 16. Bd3 Qxa2 17. Bg5 Qe6 18. Nf4 Qd6 19. Rb5 Ne8 20. Rd5 Qc7
21. Bxe7 Qxe7 22. Qe1 Qxe1 23. Rxe1 Rxd5 24. Nxd5 Nd6 25. Ne7+ Kh8 26. Re5 Nac4 27. Bxc4 Nxc4 28. Rc5 Nb6 29. Rc7 Rb8 30. c4 g6
31. c5 Na8 32. Rd7 a5 33. c6 bxc6 34. Nxc6 Rc8 35. Ne5 f6 36. Nf7+ Kg8 37. Nh6+ Kf8 38. Ng4 Nb6 39. Rxh7 a4 40. Nxf6 a3
41. Nd7+ Ke8 42. Nxb6 Rc1+ 43. Kf2 a2 44. Ra7 a1=Q 45. Rxa1 Rxa1 46. Ke3 Rh1 47. Nc4 Rxh2 48. Ne5=
1/2-1/2

[Event "King's Gambit Summer Tourney"]
[Site "SchemingMind.com"]
[Date "2021.06.30"]
[Round "-"]
[White "Matthew Bailey"]
[Black "Robert Bruce"]
[Result "1-0"]
[WhiteCountry "ENG"]
[BlackCountry "SCO"]
[WhiteElo "2578"]
[WhiteRD "68"]
[BlackElo "2473"]
[BlackRD "70"]
[GameID "712931"]

1. e4 e5 2. f4 exf4 3. Nf3 d6 4. d4 g5 5. g3 g4 6. Nh4 f3 7. Nc3 Be7 8. Be3 Bxh4 9. gxh4 Qxh4+ 10. Bf2 Qh6
11. Qd2 Qxd2+ 12. Kxd2 Ne7 13. h3 h5 14. Re1 a6 15. Bh4 Ng6 16. Bf2 c6 17. Nd1 c5 18. Ne3 Nc6 19. Nd5 Kf8 20. c3 Rb8
21. hxg4 hxg4 22. Rxh8+ Nxh8 23. Bg3 Be6 24. Bxd6+ Kg7 25. Bxb8 Nxb8 26. Ke3 Nc6 27. Rd1 Ng6 28. Nf4 Nxf4 29. Kxf4 Ne7 30. dxc5 Ng6+
31. Kg3 Kf6 32. a4 Ke5 33. c6 bxc6 34. Bxa6 Nf4 35. a5 c5 36. Kf2 Ng6 37. Ke3 Nh4 38. Bd3 Ng2+ 39. Kd2 f5 40. exf5 Bd5
41. b4 cxb4 42. cxb4 g3 43. b5 Kd4 44. b6 Ne3 45. f6 Nxd1 46. b7 Bxb7 47. f7
1-0

[Event "King's Gambit Summer Tourney"]
[Site "SchemingMind.com"]
[Date "2021.07.01"]
[Round "-"]
[White "William Lindberg"]
[Black "Matthew Bailey"]
[Result "1/2-1/2"]
[WhiteCountry "USA"]
[BlackCountry "ENG"]
[WhiteElo "2432"]
[WhiteRD "67"]
[BlackElo "2578"]
[BlackRD "68"]
[GameID "712932"]

1. e4 e5 2. f4 d5 3. exd5 c6 4. Qe2 cxd5 5. fxe5 Nc6 6. Nf3 Bg4 7. h3 Bxf3 8. Qxf3 Bc5 9. c3 d4 10. Na3 Nge7
11. Nc4 Ng6 12. b4 Be7 13. Be2 Bh4+ 14. g3 Ncxe5 15. Nxe5 Nxe5 16. Bb5+ Kf8 17. Qf2 Bf6 18. O-O a6 19. Be2 h5 20. Bb2 d3
21. Bf3 Nxf3+ 22. Qxf3 Qc7 23. Rae1 Rd8 24. h4 Rh6 25. Re4 Rg6 26. Kg2 Re8 27. Rxe8+ Kxe8 28. Qe4+ Qe7 29. Rf4 Qxe4+ 30. Rxe4+ Be7
31. c4 f5 32. Rf4 Bxb4 33. Rxf5 Bxd2 34. Re5+ Kf7 35. Rd5 Rb6 36. Ba1 Ke6 37. Rxd3 Rd6 38. Rb3 Rd7 39. Kf3 Kf5 40. c5 g5
41. hxg5 Bxg5 42. Bh8 h4 43. g4+ Ke6 44. Ke4 Bd8 45. Be5 Rd1 46. Bf4 Re1+ 47. Kf3 Rf1+ 48. Ke4 Re1+ 49. Kf3=
1/2-1/2

[Event "King's Gambit Summer Tourney"]
[Site "SchemingMind.com"]
[Date "2021.06.30"]
[Round "-"]
[White "Matthew Bailey"]
[Black "William Lindberg"]
[Result "1/2-1/2"]
[WhiteCountry "ENG"]
[BlackCountry "USA"]
[WhiteElo "2578"]
[WhiteRD "68"]
[BlackElo "2432"]
[BlackRD "67"]
[GameID "712933"]

1. e4 e5 2. f4 exf4 3. Nf3 g5 4. Bc4 Nc6 5. d4 g4 6. O-O gxf3 7. Qxf3 Qe7 8. Qf2 Bg7 9. c3 d6 10. Bxf4 Bd7
11. Nd2 Bh6 12. Bg3 f6 13. b4 Bxd2 14. Qxd2 O-O-O 15. Rae1 Re8 16. Bd3 h5 17. b5 Nd8 18. Bh4 Ne6 19. a4 Qg7 20. Qf2 Nh6
21. Qd2 Ng5 22. e5 Nhf7 23. exf6 Nh3+ 24. Kh1 Qg4 25. Rxe8+ Rxe8 26. Bc4 Be6 27. Qe3 Nhg5 28. Bxg5 Kd7 29. Bxe6+ Rxe6 30. h3 Rxe3
31. hxg4 Nxg5 32. f7 Ne6 33. gxh5 Ke7 34. Kh2 Re4 35. Kg3 Kf8 36. Rf6 Ng7 37. Kf3 Re6 38. Rxe6 Nxe6 39. Ke4 Kxf7 40. Kf5 Ng7+
41. Kg5 Ne8 42. g4 d5 43. Kf4 Nf6 44. Kf5 Ne4 45. h6 Kg8 46. Ke6 Nxc3 47. g5 Kh7 48. Kf7 Ne4 49. g6+ Kxh6 50. g7 Ng5+
51. Kf6=
1/2-1/2

[Event "King's Gambit Summer Tourney"]
[Site "SchemingMind.com"]
[Date "2021.07.05"]
[Round "-"]
[White "Gilligan"]
[Black "pnwmusichound"]
[Result "0-1"]
[WhiteCountry "USA"]
[BlackCountry "USA"]
[WhiteElo "1742"]
[WhiteRD "54"]
[BlackElo "1790"]
[BlackRD "96"]
[GameID "712936"]

1. e4 e5 2. f4 exf4 3. Nf3 Be7 4. Bc4 Bh4+ 5. Kf1 d6 6. d4 Bg4 7. Bxf4 Qf6 8. Be3 Nc6 9. c3 O-O-O 10. Nd2 Kb8
11. Kg1 Nge7 12. d5 Ne5 13. Qa4 b6 14. Rf1 h5 15. Nxh4 Qxh4 16. Bf2 Qg5 17. Qc2 Bf3 18. Bg3 h4 19. Nxf3 Qe3+ 20. Bf2 Nxf3+
21. gxf3 Qg5+ 22. Bg3 hxg3 23. Qg2 Qe3+ 24. Rf2 gxf2+ 25. Qxf2 Qxf2+ 26. Kxf2 Rh3 27. Bf1 Rh5 28. b4 f5 29. h3 fxe4 30. fxe4 Rf8+
31. Ke3 Rh4 32. Bg2 c6 33. c4 Rhf4 34. Rg1 g5 35. a4 cxd5 36. cxd5 Ng6 37. Rc1 Ne5 38. Rc2 g4 39. hxg4 Nxg4+ 40. Kd4 Ne5
41. Rc6 Nxc6+ 42. dxc6 Kc7 43. b5 R8f5
0-1

[Event "King's Gambit Summer Tourney"]
[Site "SchemingMind.com"]
[Date "2021.07.05"]
[Round "-"]
[White "pnwmusichound"]
[Black "Gilligan"]
[Result "0-1"]
[WhiteCountry "USA"]
[BlackCountry "USA"]
[WhiteElo "1790"]
[WhiteRD "96"]
[BlackElo "1742"]
[BlackRD "54"]
[GameID "712937"]

1. e4 e5 2. f4 d5 3. exd5 e4 4. d3 Bc5 5. dxe4 Nf6 6. Nc3 Ng4 7. Nh3 O-O 8. Bd3 c6 9. b3 Qh4+ 10. g3 Qxh3
11. Rf1 Nxh2 12. Rf3 Bg4 13. Be2 Bxf3 14. Bxf3 Qf1+ 15. Kd2 Qf2+ 16. Ne2 Qe3+ 17. Ke1 Nxf3+ 18. Kf1 Qf2#
0-1

[Event "King's Gambit Summer Tourney"]
[Site "SchemingMind.com"]
[Date "2021.07.01"]
[Round "-"]
[White "Gilligan"]
[Black "kenneth m day"]
[Result "1-0"]
[WhiteCountry "USA"]
[BlackCountry "USA"]
[WhiteElo "1714"]
[WhiteRD "56"]
[BlackElo "1658"]
[BlackRD "54"]
[GameID "712938"]

1. e4 e5 2. f4 d5 3. exd5 e4 4. Nc3 Nf6 5. d3 Bb4 6. Bd2 e3 7. Bxe3 Nxd5 8. Bd2 Qe7+ 9. Qe2 Qxe2+ 10. Bxe2 Nxc3
11. bxc3 Bd6 12. O-O-O Be6 13. Kb1 a5 14. c4 Nc6 15. g4 Ba3 16. Bc3 O-O 17. Bb2 Bxb2 18. Kxb2 Nd4 19. f5 Bd7 20. h4 Rfe8
21. Rh2 Re3 22. Kc3 Nxe2+ 23. Nxe2 Rae8 24. Nf4 Bc6 25. g5 Be4 26. f6 g6 27. h5 Bf3 28. Rf1 Be4 29. hxg6 Bxg6 30. Nxg6 Re2
31. Rh4 Re1 32. Ne7+
1-0